| 000 | 01768cam a22004814i 4500 | ||
|---|---|---|---|
| 003 | PE-LiUPU | ||
| 005 | 20250731184541.0 | ||
| 008 | 150623s r 000 0 d | ||
| 035 | _a(Sirsi) a25561 | ||
| 040 |
_aPE-LiUPU _bspa _cPE-LiUPU _erda |
||
| 082 | 0 | 4 |
_a933.21 _bO63 _221 |
| 245 | 0 | 4 |
_aThe origin of early Israel - Current debate : _bbiblical and archaeological perspectives / _cEditado por Shamiel Ahituv y Eliezer D. Oren. |
| 264 | 1 |
_aBeer-Sheva, Israel : _bBen-Gurion University Of The Negev Press, _c1998. |
|
| 300 |
_a178 páginas : _bilustraciones, gráficos ; _c23 cm. |
||
| 336 |
_atext _2rdacontent |
||
| 337 |
_aunmediated _2rdamedia |
||
| 338 |
_avolume _2rdacarrier |
||
| 490 | 0 |
_aStudies by the Department of Bible and Ancient Near East ; _v12 |
|
| 500 | _aIrene Levi-Sala seminar, 1997. | ||
| 504 | _aIncluye bibliografía. | ||
| 505 | 0 | _aOpening remarks. -Keynote lectures. -Panel discussion. | |
| 526 | _aP136 | ||
| 526 | _aP135 | ||
| 526 | _aP134 | ||
| 526 | _aP133 | ||
| 526 | _aP144 | ||
| 526 | _aP143 | ||
| 526 | _aP87 | ||
| 526 | _aP35 | ||
| 526 | _aP20 | ||
| 526 | _aP14 | ||
| 526 | _aP10 | ||
| 526 | _aP06 | ||
| 630 |
_aBiblia. _pA.T. _xHistoria de eventos bíblicos _vCongresos. |
||
| 650 | 0 | 4 |
_aJudíos _xHistoria, hasta 586 d. C. |
| 700 | 1 |
_aAhituv, Shamuel, _eed. |
|
| 700 | 1 |
_aOren, Eliezer D., _eed. |
|
| 942 |
_2ddc _cBOOK |
||
| 949 |
_a933.21 O63 _wDEWEY _c1 _i49660 _lCCODEBUL1 _mBUL _p00.00 _r0 _sY _tBOOK _u2015-06-24 _xTEOLOGIA _PP35 _0COMPRA _o.STAFF. Colección General |
||
| 596 | _a1 | ||
| 999 |
_a933.21 O63 _wDEWEY _c32496 _i49660 _f2021-11-8 _g5 _lCCODEBUL1 _mBUL _r0 _sY _tBOOK _u2015-6-24 _xBIBLIOTECA _PP35 _0COMPRA _o.STAFF. Colección General _d32496 |
||
| 980 |
_81 _gALBERTO SANCHEZ Responsable de Automatización |
||